LIBRARY & INFORMATION CENTRE, KCAET, TAVANUR

ONLINE PUBLIC ACCESS CATALOGUE (OPAC)

Asia in the European age, 1498-1955 / (Record no. 699)

MARC details
000 -LEADER
fixed length control field 00377cam a2200145ua 4500
041 ## - LANGUAGE CODE
Language code of text/sound track or separate title eng
082 ## - DEWEY DECIMAL CLASSIFICATION NUMBER
Classification number 950
Item number EDW/AS
100 ## - MAIN ENTRY--AUTHOR NAME
Personal name Edwardes, Michael .
245 ## - TITLE STATEMENT
Title Asia in the European age, 1498-1955 /
260 ## - PUBLICATION, DISTRIBUTION, ETC. (IMPRINT)
Place of publication Mumbai :
Name of publisher Asia Publishing House ,
Year of publication 1961.
300 ## - PHYSICAL DESCRIPTION
Number of Pages 351 ; .
942 ## - ADDED ENTRY ELEMENTS (KOHA)
Koha item type Books
Holdings
Withdrawn status Lost status Damaged status Home library Current library Date acquired Full call number Accession Number Koha item type
Withdrawn     KAUAET Malayalam University 07/04/2012 950 10336 Books
free website counter